000 00821nmm a2200265 a 4500
001 ocm0001349939
003 TR-IsHL
005 20201028161040.0
008 161016s2016 tu tur
007 cr cn
020 _a9789752697928
035 _a1349939
_b(N$T)
050 0 4 _aDR438.8
_b.B35
090 0 4 _aDR438.8
_b.B35
100 1 _aBahadıroğlu, Yavuz
245 1 0 _aKayıtdışı tarihimiz
_h[electronic resource] /
_cYavuz Bahadıroğlu
260 _aİstanbul :
_bNesil Yayınları,
_c2016
300 _a287 p.
650 4 _aTarih
650 4 _aHistory
650 0 _aTürkiye
_x Tarih
650 0 _aTurkey
_x History
650 7 _aHISTORY / Middle East / Turkey & Ottoman Empire
_2bisacsh
856 4 0 _uhttp://search.ebscohost.com/login.aspx?direct=true&scope=site&db=e011xww&AN=1349939
999 _c13918
_d13918